Palestine, land of promise /

Bibliographic Details
Main Author: Lowdermilk, W. C. (Walter Clay), 1888-1974
Format: Book
Language:English
Published: New York, London : Harper & brothers, [1944]
Subjects:

MARC

Tag First Indicator Second Indicator Subfields
LEADER 00000cam a2200000 4500
001 in00000066851
005 20151008050803.0
008 761019s1944 nyuab b 001 0 eng
010 |a  44002614  
035 |a (OCoLC)02514374 
035 |9 AAG3361AM 
040 |a DLC  |c OHI  |d TXA  |d UtOrBLW 
049 |a TXAM  |c [129211] 
050 0 |a HC497.P2  |b L6 
082 0 |a 330.9569 
092 |a 330.9569  |b L912p 
100 1 |a Lowdermilk, W. C.  |q (Walter Clay),  |d 1888-1974. 
245 1 0 |a Palestine, land of promise /  |c by Walter Clay Lowdermilk. 
264 1 |a New York,  |a London :  |b Harper & brothers,  |c [1944] 
264 4 |c [©1944] 
300 |a 6 pages ., 236 pages :  |b plates, maps. ;  |c 21 cm. 
336 |a text  |b txt  |2 rdacontent 
337 |a unmediated  |b n  |2 rdamedia 
338 |a volume  |b nc  |2 rdacarrier 
500 |a "First edition." 
500 |a The Cushing Library/Dykes copy is inscribed by the author. 
504 |a Includes bibliographical references and index. 
650 0 |a Agriculture  |x Economic aspects  |z Palestine. 
650 0 |a Irrigation  |z Palestine. 
651 0 |a Palestine  |x Economic conditions. 
999 |a MARS 
999 f f |s e41a946c-d41d-39fb-a7d9-db5adeb5aff1  |i c49f29b2-de92-3c1c-84a0-4ac445b55445  |t 0 
952 f f |p noncirc  |a Texas A&M University  |b College Station  |c Cushing Memorial Library & Archives  |d Cushing: Dykes (Does not check out)  |t 0  |e HC497.P2 L6 1944  |h Library of Congress classification  |i unmediated -- volume  |m A14851747254 
952 f f |p ric  |a Texas A&M University  |b Rellis Campus  |c Joint Library Facility  |d Remote Storage  |t 0  |e HC497.P2 L6  |h Library of Congress classification  |i unmediated -- volume  |m A14800704635 
998 f f |a HC497.P2 L6  |t 0  |l Remote Storage 
998 f f |a HC497.P2 L6 1944  |t 0  |l Cushing: Dykes (Does not check out)